[Event "2. Bundesliga West 2018/19"]
[Site "Hotel Servus Europa"]
[Date "2019.03.09"]
[Round "10"]
[Board "4"]
[White "De Visser, Leon"]
[Black "Muehlbacher, Bernhard"]
[Result "1-0"]
[WhiteElo "2243"]
[BlackElo "2066"]
[PlyCount "67"]
[EventDate "2018.10.12"]
[EventType "team"]
[EventRounds "11"]
[EventCountry "AUT"]
[WhiteTeam "Sparkasse Neumarkt"]
[BlackTeam "Rochade Rum"]

1. c4 c5 2. g3 g6 3. Bg2 Bg7 4. Nc3 Nc6 5. a3 Nf6 6. Rb1 O-O 7. d3 Ne8 8. Nf3
d6 9. Bd2 Nc7 10. Qc1 Bd7 11. Bh6 Qc8 12. h4 f6 13. b4 Nd8 14. bxc5 dxc5 15.
Bxg7 Kxg7 16. Qe3 Rf7 17. Qxc5 b6 18. Qe3 Rb8 19. O-O Nb7 20. Nd4 Nd8 21. Ndb5
Nxb5 22. Nxb5 a6 23. Nc3 b5 24. Nd5 e6 25. Nb6 Qc7 26. Nxd7 Rxd7 27. c5 e5 28.
f4 Re7 29. f5 Rd7 30. Rbc1 Nc6 31. fxg6 hxg6 32. Qf3 Nd4 33. Qxf6+ Kh7 34. Rf2
 1-0

[Event "2. Bundesliga West 2018/19"]
[Site "Hotel Servus Europa"]
[Date "2019.03.09"]
[Round "10"]
[Board "5"]
[White "Babinetz, Rainer"]
[Black "Wuppinger, Manfred"]
[Result "0-1"]
[WhiteElo "1996"]
[BlackElo "2036"]
[PlyCount "49"]
[EventDate "2018.10.12"]
[EventType "team"]
[EventRounds "11"]
[EventCountry "AUT"]
[WhiteTeam "Rochade Rum"]
[BlackTeam "Sparkasse Neumarkt"]

1. e4 Nf6 2. e5 Nd5 3. d4 e6 4. c4 Nb6 5. Nc3 Nc6 6. Nf3 d6 7. exd6 cxd6 8. b3
Be7 9. Bd3 Bf6 10. Bb2 Nxd4 11. O-O Nxf3+ 12. Qxf3 Nd7 13. Rad1 Ne5 14. Qe4 Qb6
15. Bc2 Bd7 16. Ba3 Bc6 17. Qe2 Qa5 18. Bb2 Rd8 19. a3 Nf3+ 20. gxf3 Bxc3 21.
Bxc3 Qxc3 22. Qd3 Qf6 23. Kg2 Qg5+ 24. Kh3 e5 25. Qf5  0-1

[Event "2. Bundesliga West 2018/19"]
[Site "Hotel Servus Europa"]
[Date "2019.03.09"]
[Round "10"]
[Board "6"]
[White "Egger, Martin"]
[Black "Ritzer, Franz"]
[Result "1-0"]
[WhiteElo "2043"]
[BlackElo "1822"]
[PlyCount "55"]
[EventDate "2018.10.12"]
[EventType "team"]
[EventRounds "11"]
[EventCountry "AUT"]
[WhiteTeam "Sparkasse Neumarkt"]
[BlackTeam "Rochade Rum"]

1. e4 c5 2. Nf3 d6 3. d4 cxd4 4. Nxd4 Nf6 5. Nc3 a6 6. Bg5 e6 7. f4 Be7 8. Qf3
Nbd7 9. O-O-O Qc7 10. Bd3 b5 11. Rhe1 O-O 12. e5 Bb7 13. Qh3 dxe5 14. fxe5 Nxe5
15. Rxe5 Qxe5 16. Bxf6 Qf4+ 17. Kb1 g6 18. Bxe7 Qxd4 19. Be4 Qxd1+ 20. Nxd1
Bxe4 21. Bxf8 Rxf8 22. Nf2 Bf5 23. Qc3 g5 24. g4 Bg6 25. Qc6 Rd8 26. b3 Rd2 27.
Qc8+ Kg7 28. Qc3+  1-0

[Event "2. Bundesliga West 2018/19"]
[Site "Hotel Servus Europa"]
[Date "2019.03.09"]
[Round "10"]
[Board "1"]
[White "Rotstein, Arkadij"]
[Black "Hoefelsauer, Thomas"]
[Result "0-1"]
[WhiteElo "2481"]
[BlackElo "2339"]
[PlyCount "104"]
[EventDate "2018.10.12"]
[EventType "team"]
[EventRounds "11"]
[EventCountry "AUT"]
[WhiteTeam "Absam"]
[BlackTeam "Wolfurt"]

1. Nf3 d5 2. g3 Nf6 3. Bg2 c6 4. O-O Bf5 5. d3 e6 6. Nh4 Bg6 7. Nxg6 hxg6 8. c4
Be7 9. Nc3 O-O 10. Qb3 Qb6 11. d4 Nbd7 12. Rd1 Rfd8 13. Bg5 Re8 14. Rac1 Qb4
15. Qxb4 Bxb4 16. cxd5 exd5 17. Kf1 Nb6 18. Bxf6 gxf6 19. a3 Bf8 20. e4 dxe4
21. Nxe4 Kg7 22. Nc5 Rab8 23. Nxb7 Rxb7 24. Bxc6 Ree7 25. Bxb7 Rxb7 26. d5 Rd7
27. Rd4 f5 28. d6 Kf6 29. Rc7 Ke6 30. Rxd7 Kxd7 31. a4 Bxd6 32. a5 Na8 33. Ke2
Nc7 34. Kd3 Ke6 35. Kc4 a6 36. Rh4 Be5 37. b4 Nb5 38. Rh7 Nd6+ 39. Kb3 Bd4 40.
f3 Kd5 41. h4 Ke6 42. h5 g5 43. h6 Ne8 44. Kc4 Be5 45. Kd3 Ke7 46. f4 gxf4 47.
gxf4 Bf6 48. Kc4 Kf8 49. Kc5 Kg8 50. Rg7+ Nxg7 51. hxg7 Be7+ 52. Kc4 Bd6  0-1

[Event "2. Bundesliga West 2018/19"]
[Site "Hotel Servus Europa"]
[Date "2019.03.09"]
[Round "10"]
[Board "2"]
[White "Matt, Fabian"]
[Black "Lehner, Oliver"]
[Result "0-1"]
[WhiteElo "2228"]
[BlackElo "2399"]
[PlyCount "158"]
[EventDate "2018.10.12"]
[EventType "team"]
[EventRounds "11"]
[EventCountry "AUT"]
[WhiteTeam "Wolfurt"]
[BlackTeam "Absam"]

1. d4 Nf6 2. c4 e6 3. Nf3 d5 4. Nc3 c6 5. e3 Nbd7 6. b3 b6 7. Bb2 Bb7 8. Bd3
Bd6 9. O-O O-O 10. cxd5 exd5 11. Qe2 Re8 12. Rac1 Ne4 13. Rc2 Re6 14. Ba6 Bxa6
15. Qxa6 Rh6 16. g3 Qf6 17. Nxe4 dxe4 18. Nd2 Re8 19. Rxc6 Nb8 20. Rc8 Nxa6 21.
Rxe8+ Bf8 22. Ba3 Nc5 23. dxc5 Qc6 24. Rb8 b5 25. Nxe4 Qc7 26. Rxb5 a6 27. Rb4
f5 28. Ng5 Qd8 29. Nf3 Bxc5 30. Ra4 Bxa3 31. Rxa3 Qd5 32. Ng5 Rg6 33. h4 h6 34.
Nh3 Qd6 35. Nf4 Rxg3+ 36. fxg3 Qxa3 37. Rf2 g5 38. hxg5 hxg5 39. Nd5 Qd6 40.
Rxf5 Qxg3+ 41. Kf1 Kg7 42. Rf2 Qh3+ 43. Ke2 Qh1 44. Nf6 Qb1 45. Ne8+ Kh7 46.
Rf7+ Kg8 47. Rd7 Kf8 48. Nd6 Qxa2+ 49. Kf3 Qxb3 50. Ne4 Qe6 51. Rd4 Qf5+ 52.
Kg3 a5 53. Nd2 Qb5 54. Nc4 a4 55. Kg4 Qc5 56. Re4 a3 57. Nxa3 Qxa3 58. Kxg5 Qd3
59. Kf4 Kf7 60. Rd4 Qf1+ 61. Ke4 Ke6 62. Rb4 Qf5+ 63. Kd4 Qd5+ 64. Kc3 Qc5+ 65.
Rc4 Qxe3+ 66. Kb2 Kd5 67. Rc8 Qb6+ 68. Kc3 Qa5+ 69. Kc2 Kd4 70. Rh8 Qf5+ 71.
Kb3 Qf6 72. Rh2 Qb6+ 73. Ka2 Qa7+ 74. Kb1 Qb7+ 75. Ka2 Qa8+ 76. Kb1 Qe4+ 77.
Ka2 Kc3 78. Rh3+ Kc2 79. Rh2+ Kc1  0-1

[Event "2. Bundesliga West 2018/19"]
[Site "Hotel Servus Europa"]
[Date "2019.03.09"]
[Round "10"]
[Board "3"]
[White "Weinzettl, Ernst"]
[Black "Janko, Ladislav"]
[Result "0-1"]
[WhiteElo "2220"]
[BlackElo "2179"]
[PlyCount "92"]
[EventDate "2018.10.12"]
[EventType "team"]
[EventRounds "11"]
[EventCountry "AUT"]
[WhiteTeam "Absam"]
[BlackTeam "Wolfurt"]

1. e4 c6 2. d4 d5 3. e5 Bf5 4. h4 h5 5. Bd3 Bxd3 6. Qxd3 e6 7. Bg5 Qa5+ 8. Nd2
Ne7 9. Ngf3 Nf5 10. O-O Nd7 11. c4 dxc4 12. Nxc4 Qa6 13. Qc2 Be7 14. Bxe7 Kxe7
15. a4 Nb6 16. Ne3 g6 17. b4 Nd5 18. Nxd5+ cxd5 19. Rfc1 Rhd8 20. Qd2 Rdc8 21.
b5 Qb6 22. Qb4+ Ke8 23. a5 Qd8 24. g3 Ne7 25. Rc5 b6 26. axb6 axb6 27. Rxa8
Rxa8 28. Rc1 Ra5 29. Ng5 Nc8 30. Nh7 Ne7 31. Nf6+ Kf8 32. Qd6 Ra8 33. Rc7 Qxd6
34. exd6 Nf5 35. d7 Rd8 36. Rb7 Nxd4 37. Rxb6 Ke7 38. Nh7 f6 39. Rb7 Nf3+ 40.
Kg2 Ne5 41. Ra7 Nc4 42. Kf3 Kf7 43. Rc7 Nb6 44. Rc6 Nxd7 45. Ke2 Nb8 46. Rc7+
Ke8  0-1

[Event "2. Bundesliga West 2018/19"]
[Site "Hotel Servus Europa"]
[Date "2019.03.09"]
[Round "10"]
[Board "4"]
[White "Bischofberger, Dario"]
[Black "Deglmann, Ludwig"]
[Result "0-1"]
[WhiteElo "2135"]
[BlackElo "2270"]
[PlyCount "68"]
[EventDate "2018.10.12"]
[EventType "team"]
[EventRounds "11"]
[EventCountry "AUT"]
[WhiteTeam "Wolfurt"]
[BlackTeam "Absam"]

1. d4 f5 2. Nf3 Nf6 3. g3 g6 4. Bg2 Bg7 5. O-O O-O 6. b3 c6 7. c4 Ne4 8. Bb2 a5
9. Nc3 d5 10. e3 Be6 11. Qe2 Kh8 12. Nxe4 fxe4 13. Ne5 Nd7 14. f4 exf3 15. Nxf3
a4 16. Nd2 Rxf1+ 17. Qxf1 Qa5 18. Qc1 Nf6 19. Bc3 Qd8 20. Qe1 axb3 21. axb3
Rxa1 22. Bxa1 Qa5 23. Qc1 Qa2 24. cxd5 Nxd5 25. Bxd5 Bxd5 26. Qb2 Qa6 27. Nc4
Bf6 28. Qc1 b5 29. Nd2 Bg5 30. Kf2 Kg8 31. Bc3 Qc8 32. Nf3 Qf5 33. Qd1 Bxf3 34.
Qxf3 Qc2+  0-1

[Event "2. Bundesliga West 2018/19"]
[Site "Hotel Servus Europa"]
[Date "2019.03.09"]
[Round "10"]
[Board "5"]
[White "De Francesco, Klaus"]
[Black "Kalcher, Mathias"]
[Result "1/2-1/2"]
[WhiteElo "2288"]
[BlackElo "2070"]
[PlyCount "97"]
[EventDate "2018.10.12"]
[EventType "team"]
[EventRounds "11"]
[EventCountry "AUT"]
[WhiteTeam "Absam"]
[BlackTeam "Wolfurt"]

1. d4 Nf6 2. c4 g6 3. Nc3 d5 4. cxd5 Nxd5 5. e4 Nxc3 6. bxc3 Bg7 7. Qa4+ Bd7 8.
Qb3 b6 9. Nf3 O-O 10. Be3 Nc6 11. Be2 Na5 12. Qa3 Bg4 13. O-O Bxf3 14. gxf3 e5
15. dxe5 Bxe5 16. f4 Bg7 17. Rad1 Qe8 18. f3 Qe6 19. c4 Nxc4 20. Bxc4 Qxc4 21.
Rc1 Qb5 22. Rxc7 Bb2 23. Qb3 Qxb3 24. axb3 Rfd8 25. Rb1 Bd4 26. Kf2 Bxe3+ 27.
Kxe3 Kf8 28. Rbc1 Ke8 29. f5 Rd7 30. e5 Rad8 31. Kf4 Rxc7 32. Rxc7 Rd7 33. Rc3
a5 34. e6 fxe6 35. fxe6 Rd5 36. Rc7 Rh5 37. Ra7 Rf5+ 38. Ke4 Rh5 39. f4 Kf8 40.
Rb7 b5 41. Ra7 a4 42. bxa4 bxa4 43. Rxa4 Ke7 44. Ra7+ Kxe6 45. Ra6+ Kf7 46.
Ra7+ Kf6 47. Ra6+ Kf7 48. Ra7+ Kf6 49. Ra6+  1/2-1/2

[Event "2. Bundesliga West 2018/19"]
[Site "Hotel Servus Europa"]
[Date "2019.03.09"]
[Round "10"]
[Board "6"]
[White "Gasser, Klaus"]
[Black "Gerhold, Michael"]
[Result "1/2-1/2"]
[WhiteElo "1957"]
[BlackElo "2222"]
[PlyCount "125"]
[EventDate "2018.10.12"]
[EventType "team"]
[EventRounds "11"]
[EventCountry "AUT"]
[WhiteTeam "Wolfurt"]
[BlackTeam "Absam"]

1. Nf3 d5 2. d4 Nf6 3. Bf4 c5 4. c3 e6 5. Bxb8 Rxb8 6. e3 Bd7 7. Ne5 Bd6 8.
Nxd7 Qxd7 9. a4 O-O 10. Nd2 Qc7 11. g3 Rbd8 12. Bg2 e5 13. Rc1 Qb6 14. dxe5
Bxe5 15. Qb3 Qc7 16. O-O b6 17. Rfd1 Qe7 18. Nf3 Bc7 19. Nh4 Qe6 20. Rd2 Rd7
21. Rcd1 Rfd8 22. Qc2 g6 23. Bf3 Kg7 24. Ng2 h5 25. Nh4 Qh3 26. Bg2 Qg4 27. Bf3
Qe6 28. Bg2 Bb8 29. Bf3 Be5 30. Bg2 a5 31. Nf3 Bc7 32. Ng5 Qe5 33. Nf3 Qe7 34.
Ng5 Ng4 35. Nf3 Rd6 36. Nh4 Nf6 37. Bf3 R6d7 38. Bg2 Qe6 39. Bf3 Ng4 40. Ng2
Ne5 41. Be2 Nc6 42. Bb5 Re7 43. Be2 Ree8 44. Bf3 Ne5 45. Be2 Ng4 46. Bf3 Nf6
47. Nh4 Re7 48. Ng2 Red7 49. Nh4 Re7 50. Ng2 Red7 51. Nh4 Bb8 52. Ng2 Qh3 53.
Qb3 Ng4 54. Bxg4 hxg4 55. Rxd5 Rxd5 56. Rxd5 Rh8 57. Rd7 Qxh2+ 58. Kf1 Rf8 59.
Qd5 Qh1+ 60. Ke2 Qb1 61. Qb3 Qe4 62. Ne1 Qc6 63. Qb5  1/2-1/2

[Event "2. Bundesliga West 2018/19"]
[Site "Hotel Servus Europa"]
[Date "2019.03.09"]
[Round "10"]
[Board "1"]
[White "Fedorovsky, Michael"]
[Black "Breneis, Lukas"]
[Result "1/2-1/2"]
[WhiteElo "2481"]
[BlackElo "2192"]
[PlyCount "66"]
[EventDate "2018.10.12"]
[EventType "team"]
[EventRounds "11"]
[EventCountry "AUT"]
[WhiteTeam "Jenbach 2"]
[BlackTeam "SPG Oberland"]

1. e4 c5 2. Nf3 d6 3. d4 cxd4 4. Nxd4 Nf6 5. Nc3 a6 6. Be2 e6 7. Be3 Be7 8. O-O
O-O 9. f4 Nc6 10. Qe1 Nxd4 11. Bxd4 b5 12. a3 Bb7 13. Qg3 g6 14. Bf3 d5 15. e5
Nd7 16. Rad1 Bc5 17. Ne2 Kh8 18. Kh1 Qe7 19. Bc3 a5 20. Be1 b4 21. a4 Ba6 22.
Qh3 f5 23. exf6 Nxf6 24. Bh4 Qf7 25. Rfe1 Ne4 26. Bxe4 dxe4 27. Ng3 e3 28. Bg5
e2 29. Nxe2 Bf2 30. Nd4 Bxe1 31. Rxe1 Bb7 32. Qe3 Bd5 33. b3 Qd7  1/2-1/2

[Event "2. Bundesliga West 2018/19"]
[Site "Hotel Servus Europa"]
[Date "2019.03.09"]
[Round "10"]
[Board "2"]
[White "Schnegg, Anna-Lena"]
[Black "Reich, Thomas"]
[Result "1-0"]
[WhiteElo "2184"]
[BlackElo "2360"]
[PlyCount "99"]
[EventDate "2018.10.12"]
[EventType "team"]
[EventRounds "11"]
[EventCountry "AUT"]
[WhiteTeam "SPG Oberland"]
[BlackTeam "Jenbach 2"]

1. c4 Nf6 2. Nc3 g6 3. e4 d6 4. g3 Bg7 5. Bg2 O-O 6. Nge2 c5 7. O-O Nc6 8. d3
Bg4 9. h3 Bxe2 10. Nxe2 Ne8 11. f4 Nc7 12. f5 b5 13. Rb1 bxc4 14. dxc4 Ne5 15.
Qc2 Na6 16. a3 Nb8 17. Be3 Qc8 18. Kh1 a5 19. Nf4 Nbc6 20. Nd5 Qa6 21. b3 Ra7
22. f6 exf6 23. Nxf6+ Bxf6 24. Rxf6 Nd4 25. Qc3 a4 26. Bxd4 cxd4 27. Qxd4 Re7
28. Rxd6 Qc8 29. Rd5 Rfe8 30. Rc5 Qd8 31. Qxd8 Rxd8 32. b4 Rd3 33. b5 Rb3 34.
Rxb3 axb3 35. b6 Rb7 36. Rb5 Nxc4 37. Bf1 Nxb6 38. a4 Rb8 39. Rxb3 Nd7 40.
Rxb8+ Nxb8 41. Bb5 Kg7 42. a5 Kf6 43. Kg2 Ke5 44. Kf3 g5 45. a6 Nxa6 46. Bxa6
Kd4 47. Bc8 h5 48. Bf5 Ke5 49. Ke3 f6 50. h4  1-0

[Event "2. Bundesliga West 2018/19"]
[Site "Hotel Servus Europa"]
[Date "2019.03.09"]
[Round "10"]
[Board "3"]
[White "Binder, Moriz"]
[Black "Schnegg, Daniel"]
[Result "1-0"]
[WhiteElo "2234"]
[BlackElo "2117"]
[PlyCount "61"]
[EventDate "2018.10.12"]
[EventType "team"]
[EventRounds "11"]
[EventCountry "AUT"]
[WhiteTeam "Jenbach 2"]
[BlackTeam "SPG Oberland"]

1. d4 Nf6 2. Nf3 d6 3. c4 g6 4. Nc3 Bg7 5. g3 O-O 6. Bg2 Nc6 7. O-O a6 8. b3
Rb8 9. a4 d5 10. Bb2 dxc4 11. bxc4 Na5 12. Qd3 Be6 13. Nd2 Bh6 14. e3 Bf5 15.
Nce4 Nxe4 16. Bxe4 Bxe4 17. Nxe4 Bg7 18. Rfd1 Nc6 19. Rab1 b6 20. Ba3 Qd7 21.
Nc3 Na7 22. Rb3 c6 23. Rdb1 Qc7 24. d5 Bxc3 25. Qxc3 cxd5 26. cxd5 Qd7 27. Qe5
b5 28. Qxe7 Rfd8 29. e4 Rbc8 30. Qf6 Rc4 31. Bb2  1-0

[Event "2. Bundesliga West 2018/19"]
[Site "Hotel Servus Europa"]
[Date "2019.03.09"]
[Round "10"]
[Board "4"]
[White "Moritz, Christian"]
[Black "Hoellrigl, Wilfried"]
[Result "0-1"]
[WhiteElo "2100"]
[BlackElo "2170"]
[PlyCount "110"]
[EventDate "2018.10.12"]
[EventType "team"]
[EventRounds "11"]
[EventCountry "AUT"]
[WhiteTeam "SPG Oberland"]
[BlackTeam "Jenbach 2"]

1. d4 Nf6 2. Nf3 g6 3. c4 c5 4. Nc3 cxd4 5. Nxd4 Nc6 6. e4 d6 7. Be2 Bd7 8. Be3
Bg7 9. Nc2 O-O 10. O-O Rc8 11. f3 Ne5 12. Na3 Qa5 13. Qb3 b6 14. Rac1 h5 15. h3
Bc6 16. Nab5 Ned7 17. a3 Nc5 18. Qa2 Qa6 19. b4 Ne6 20. Nd4 Nxd4 21. Bxd4 Qb7
22. Qd2 Qb8 23. Nd5 Bxd5 24. cxd5 Rxc1 25. Rxc1 Rc8 26. Ba6 Nxe4 27. Rxc8+ Qxc8
28. Bxc8 Nxd2 29. Bf2 Bb2 30. a4 Bc3 31. a5 Bxb4 32. axb6 axb6 33. Bxb6 Nb3 34.
Kf1 Kg7 35. Ke2 Bc5 36. Bd8 Kf6 37. f4 Nd4+ 38. Kd3 h4 39. Ke4 Nb3 40. Kf3 Nd2+
41. Ke2 Nc4 42. Kd3 Ne3 43. Ke4 Nxg2 44. Bb7 Ne3 45. Bc8 Nc4 46. Ba6 Nd2+ 47.
Kd3 Nf1 48. Bc8 Ng3 49. Bd7 Ba3 50. Ke3 Bc1+ 51. Kf3 Nh5 52. Kg4 Nxf4 53. Kxh4
Nxd5 54. Kg4 Ke5 55. Be8 Nf6+  0-1

[Event "2. Bundesliga West 2018/19"]
[Site "Hotel Servus Europa"]
[Date "2019.03.09"]
[Round "10"]
[Board "5"]
[White "Heinrich, Thomas"]
[Black "Pali, Philipp"]
[Result "0-1"]
[WhiteElo "2144"]
[BlackElo "2071"]
[PlyCount "88"]
[EventDate "2018.10.12"]
[EventType "team"]
[EventRounds "11"]
[EventCountry "AUT"]
[WhiteTeam "Jenbach 2"]
[BlackTeam "SPG Oberland"]

1. d4 f5 2. e4 fxe4 3. Nc3 Nf6 4. Bg5 Nc6 5. d5 Ne5 6. Qe2 c6 7. Bxf6 gxf6 8.
Qxe4 cxd5 9. Qxd5 Bh6 10. Be2 Qb6 11. Bh5+ Kd8 12. Nge2 e6 13. Qb5 Qxb5 14.
Nxb5 Ke7 15. f4 Nc4 16. O-O-O d5 17. Bf3 Bd7 18. Nbc3 b5 19. b3 Nd6 20. Bxd5
exd5 21. Nxd5+ Kf7 22. Nxf6 Kxf6 23. Rxd6+ Be6 24. g3 Rhd8 25. Rhd1 Rxd6 26.
Rxd6 Ke7 27. Rd3 Bg7 28. Nd4 Bxd4 29. Rxd4 Rd8 30. Re4 Kf6 31. Re2 b4 32. Re4
a5 33. Re5 Rd5 34. Rxd5 Bxd5 35. c3 Kf5 36. cxb4 axb4 37. Kb2 Kg4 38. a3 bxa3+
39. Kxa3 Kh3 40. b4 Kxh2 41. f5 Kxg3 42. f6 Kf4 43. b5 Ke5 44. b6 Kxf6  0-1

[Event "2. Bundesliga West 2018/19"]
[Site "Hotel Servus Europa"]
[Date "2019.03.09"]
[Round "10"]
[Board "6"]
[White "Roeck, Vanessa"]
[Black "Kondrak, Christof"]
[Result "0-1"]
[WhiteElo "1627"]
[BlackElo "2107"]
[PlyCount "64"]
[EventDate "2018.10.12"]
[EventType "team"]
[EventRounds "11"]
[EventCountry "AUT"]
[WhiteTeam "SPG Oberland"]
[BlackTeam "Jenbach 2"]

1. d4 d5 2. Nf3 Nf6 3. e3 Bg4 4. Be2 e6 5. Nbd2 c5 6. Ne5 Bf5 7. b3 cxd4 8.
exd4 Qc7 9. c4 Bb4 10. Bb2 Ne4 11. Nef3 Qf4 12. g3 Nxd2 13. Nxd2 Qh6 14. a3 Be7
15. Nf3 Nc6 16. Bc1 Qg6 17. b4 dxc4 18. Bxc4 Bc2 19. Qe2 O-O 20. Be3 a6 21. Rc1
Be4 22. O-O b5 23. Ba2 Bd3 24. Qd1 Bxf1 25. Rxc6 Bh3 26. Bb1 Qh5 27. Bd3 Qd5
28. Rc1 a5 29. Qe2 axb4 30. axb4 Ra2 31. Rc2 Rxc2 32. Qxc2 Qxf3  0-1

[Event "2. Bundesliga West 2018/19"]
[Site "Hotel Servus Europa"]
[Date "2019.03.09"]
[Round "10"]
[Board "1"]
[White "Repka, Christopher"]
[Black "Frank, Emanuel"]
[Result "1-0"]
[WhiteElo "2523"]
[BlackElo "2175"]
[PlyCount "75"]
[EventDate "2018.10.12"]
[EventType "team"]
[EventRounds "11"]
[EventCountry "AUT"]
[WhiteTeam "Bregenz"]
[BlackTeam "ASK Salzburg"]

1. e4 e5 2. Nf3 Nc6 3. Bc4 Nf6 4. d3 Be7 5. a4 O-O 6. Nc3 d6 7. h3 Be6 8. Bxe6
fxe6 9. O-O Qe8 10. d4 Nxd4 11. Nxd4 exd4 12. Qxd4 Nd7 13. Qc4 Bd8 14. Be3 Ne5
15. Qb3 Nc6 16. f4 Kh8 17. a5 Bf6 18. Rfd1 Rf7 19. Ne2 Re7 20. c3 b6 21. axb6
axb6 22. Rxa8 Qxa8 23. Qc4 e5 24. f5 Na5 25. Qa4 Qc8 26. Qc2 g6 27. Rf1 Rg7 28.
g4 gxf5 29. Rxf5 Qe6 30. Ng3 Bh4 31. Nh5 Rf7 32. Qa4 Rxf5 33. exf5 Qf7 34. b4
Nc4 35. Bh6 Bd8 36. Qa8 Qe7 37. f6 Qd7 38. f7  1-0

[Event "2. Bundesliga West 2018/19"]
[Site "Hotel Servus Europa"]
[Date "2019.03.09"]
[Round "10"]
[Board "2"]
[White "Burschowsky, Matthias"]
[Black "Nayhebaver, Martin"]
[Result "0-1"]
[WhiteElo "2227"]
[BlackElo "2466"]
[PlyCount "74"]
[EventDate "2018.10.12"]
[EventType "team"]
[EventRounds "11"]
[EventCountry "AUT"]
[WhiteTeam "ASK Salzburg"]
[BlackTeam "Bregenz"]

1. c4 b6 2. Nf3 Nf6 3. g3 Bb7 4. Bg2 e6 5. O-O Be7 6. b3 O-O 7. Bb2 c5 8. Nc3
d5 9. e3 dxc4 10. bxc4 Nc6 11. Qe2 Rc8 12. Rfd1 Qc7 13. Rac1 Rfd8 14. d3 Qb8
15. Ng5 h6 16. Nge4 Qa8 17. Nb5 Ne8 18. a3 Rd7 19. f4 Na5 20. g4 a6 21. Nbc3 b5
22. f5 Rcd8 23. fxe6 fxe6 24. cxb5 axb5 25. Nxb5 c4 26. Ng3 cxd3 27. Qf2 Bg5
28. Nf1 Nb3 29. Rb1 Qa4 30. Nd4 Bxg2 31. Kxg2 Bxe3 32. Qxe3 Nxd4 33. Bxd4 Rxd4
34. Qxe6+ Kh8 35. Ne3 Nf6 36. Rb4 Rxb4 37. axb4 Re8  0-1

[Event "2. Bundesliga West 2018/19"]
[Site "Hotel Servus Europa"]
[Date "2019.03.09"]
[Round "10"]
[Board "3"]
[White "Sergeev, Vladimir"]
[Black "Scheiblmaier, Robert"]
[Result "1-0"]
[WhiteElo "2412"]
[BlackElo "2192"]
[PlyCount "53"]
[EventDate "2018.10.12"]
[EventType "team"]
[EventRounds "11"]
[EventCountry "AUT"]
[WhiteTeam "Bregenz"]
[BlackTeam "ASK Salzburg"]

1. e4 e6 2. d3 d5 3. Nd2 Nf6 4. Ngf3 c5 5. g3 Be7 6. Bg2 Nc6 7. O-O O-O 8. Re1
b5 9. a3 a5 10. e5 Nd7 11. Nf1 Ba6 12. h4 b4 13. N1h2 bxa3 14. bxa3 Rb8 15. Ng4
Kh8 16. Bg5 a4 17. Qd2 Bxg5 18. hxg5 Qa5 19. Qf4 Rb2 20. c4 dxc4 21. dxc4 Qc7
22. Rad1 Na5 23. g6 Rbb8 24. Ng5 fxg6 25. Nxe6 Rxf4 26. Nxc7 Rxg4 27. Nxa6  1-0

[Event "2. Bundesliga West 2018/19"]
[Site "Hotel Servus Europa"]
[Date "2019.03.09"]
[Round "10"]
[Board "4"]
[White "Loeffler, Christoph"]
[Black "Dobosz, Henryk"]
[Result "0-1"]
[WhiteElo "2125"]
[BlackElo "2399"]
[PlyCount "52"]
[EventDate "2018.10.12"]
[EventType "team"]
[EventRounds "11"]
[EventCountry "AUT"]
[WhiteTeam "ASK Salzburg"]
[BlackTeam "Bregenz"]

1. e4 c5 2. Nc3 e6 3. f4 d5 4. Nf3 Nf6 5. Bb5+ Nc6 6. Qe2 Be7 7. e5 Ng8 8. O-O
Bd7 9. Qf2 Nh6 10. Bxc6 Bxc6 11. d4 Qb6 12. a4 cxd4 13. Nxd4 Bc5 14. Rd1 Ng4
15. Qd2 f6 16. exf6 gxf6 17. a5 Bxd4+ 18. Qxd4 Qxd4+ 19. Rxd4 Rg8 20. Rd3 O-O-O
21. a6 b6 22. b4 d4 23. Ne2 Bb5 24. Rd2 e5 25. Bb2 Ne3 26. g3 Nc4  0-1

[Event "2. Bundesliga West 2018/19"]
[Site "Hotel Servus Europa"]
[Date "2019.03.09"]
[Round "10"]
[Board "5"]
[White "Bezler, Rainer"]
[Black "Herrmann, Michael"]
[Result "1-0"]
[WhiteElo "2207"]
[BlackElo "2124"]
[PlyCount "87"]
[EventDate "2018.10.12"]
[EventType "team"]
[EventRounds "11"]
[EventCountry "AUT"]
[WhiteTeam "Bregenz"]
[BlackTeam "ASK Salzburg"]

1. e4 c6 2. d4 d5 3. e5 Bf5 4. Nf3 e6 5. Be2 Nd7 6. O-O Ne7 7. Nh4 Bg6 8. Nd2
Nc8 9. Nxg6 hxg6 10. Nf3 Be7 11. Be3 Ncb6 12. b3 O-O 13. c3 c5 14. g3 Rc8 15.
Kg2 cxd4 16. cxd4 f5 17. h4 Nb8 18. Ng5 Bxg5 19. Bxg5 Qc7 20. h5 gxh5 21. Bxh5
Qc2 22. Be7 Rf7 23. Bxf7+ Kxf7 24. Bg5 Qe4+ 25. f3 Qc2+ 26. Qxc2 Rxc2+ 27. Rf2
Rxf2+ 28. Kxf2 Nc6 29. Be3 Na8 30. Rc1 Nc7 31. Bd2 Nb5 32. Bc3 Kg8 33. Ke3 Nc7
34. Kd3 Na8 35. a4 a6 36. b4 Nb6 37. b5 axb5 38. axb5 Na7 39. Ra1 Nxb5 40. Rb1
Nxc3 41. Rxb6 Nd1 42. Ke2 Nc3+ 43. Kd2 Na4 44. Rb4  1-0

[Event "2. Bundesliga West 2018/19"]
[Site "Hotel Servus Europa"]
[Date "2019.03.09"]
[Round "10"]
[Board "6"]
[White "Usleber, Helmut"]
[Black "Mira, Helene"]
[Result "0-1"]
[WhiteElo "2023"]
[BlackElo "2056"]
[PlyCount "82"]
[EventDate "2018.10.12"]
[EventType "team"]
[EventRounds "11"]
[EventCountry "AUT"]
[WhiteTeam "ASK Salzburg"]
[BlackTeam "Bregenz"]

1. e4 e5 2. Nf3 Nc6 3. d4 exd4 4. Nxd4 Bc5 5. Be3 Qf6 6. Nb5 Bxe3 7. fxe3 Qh4+
8. g3 Qd8 9. Qg4 g6 10. Qf4 d6 11. N1c3 a6 12. Nd4 Ne5 13. Be2 h5 14. O-O-O Ne7
15. Nf3 N7c6 16. Nxe5 Nxe5 17. Nd5 Be6 18. Nf6+ Kf8 19. g4 hxg4 20. Rdf1 Kg7
21. Bxg4 Bxg4 22. Nxg4 Rh4 23. Rhg1 Qe7 24. h3 Rah8 25. Qf2 Rxh3 26. Nxe5 dxe5
27. a3 R8h4 28. Rd1 Rxe4 29. Qf5 Rhxe3 30. Qc8 c6 31. Rh1 Rh4 32. Rhg1 Re2 33.
Rd8 Rhh2 34. Rg8+ Kf6 35. Rf1+ Ref2 36. Rxf2+ Rxf2 37. b4 e4 38. Re8 Qd6 39.
Rd8 Qh2 40. Rd6+ Qxd6 41. Qh8+ Ke6  0-1

[Event "2. Bundesliga West 2018/19"]
[Site "Hotel Servus Europa"]
[Date "2019.03.09"]
[Round "10"]
[Board "1"]
[White "Froewis, Georg"]
[Black "Koepke, Christian"]
[Result "1/2-1/2"]
[WhiteElo "2419"]
[BlackElo "2316"]
[PlyCount "54"]
[EventDate "2018.10.12"]
[EventType "team"]
[EventRounds "11"]
[EventCountry "AUT"]
[WhiteTeam "Hohenems II"]
[BlackTeam "Kufstein/Woergl"]

1. e4 c5 2. Nf3 Nc6 3. d4 cxd4 4. Nxd4 g6 5. c4 Nf6 6. Nc3 d6 7. f3 Nxd4 8.
Qxd4 Bg7 9. Be3 O-O 10. Qd2 Be6 11. Rc1 a5 12. Be2 a4 13. Rc2 Qa5 14. Nd5 Nxd5
15. cxd5 Rfc8 16. Qxa5 Rxa5 17. Kd2 Rxc2+ 18. Kxc2 Bd7 19. Rc1 e6 20. Rd1 exd5
21. Rxd5 Rxd5 22. exd5 Kf8 23. b3 Ke7 24. Bg5+ Ke8 25. Be3 Ke7 26. Bg5+ Ke8 27.
Be3 Ke7  1/2-1/2

[Event "2. Bundesliga West 2018/19"]
[Site "Hotel Servus Europa"]
[Date "2019.03.09"]
[Round "10"]
[Board "2"]
[White "Rusche, Johannes"]
[Black "Berchtenbreiter, Maximilian"]
[Result "0-1"]
[WhiteElo "2289"]
[BlackElo "2426"]
[PlyCount "64"]
[EventDate "2018.10.12"]
[EventType "team"]
[EventRounds "11"]
[EventCountry "AUT"]
[WhiteTeam "Kufstein/Woergl"]
[BlackTeam "Hohenems II"]

1. d4 Nf6 2. c4 c5 3. d5 e6 4. Nc3 exd5 5. cxd5 d6 6. Nf3 g6 7. g3 Bg7 8. Bg2
O-O 9. O-O Re8 10. Nd2 a6 11. a4 Nbd7 12. h3 Nh5 13. e4 Ne5 14. Nf3 Nxf3+ 15.
Qxf3 b6 16. Bd2 Be5 17. Nd1 Ra7 18. Ra3 Ng7 19. Bf4 f5 20. Bxe5 Rxe5 21. exf5
Nxf5 22. Ne3 Nd4 23. Qd1 a5 24. Kh2 Ba6 25. Re1 Qf8 26. Qd2 Re8 27. Rc3 Rae7
28. Kg1 Bc8 29. Kh2 Bxh3 30. Nc2 Rxe1 31. Nxe1 Re2 32. Qd1 Bxg2  0-1